Strategies and Policies for Air Pollution Abatement (Record no. 3971)

MARC details
000 -LEADER
fixed length control field 00473nam a22001337a 4500
008 - FIXED-LENGTH DATA ELEMENTS--GENERAL INFORMATION
fixed length control field 230717b xxu||||| |||| 00| 0 eng d
020 ## - INTERNATIONAL STANDARD BOOK NUMBER
International Standard Book Number 9211166284
082 ## - DEWEY DECIMAL CLASSIFICATION NUMBER
Classification number 363.7
Item number ECE
110 ## - MAIN ENTRY--CORPORATE NAME
Subordinate unit Economic Commission for Europe
245 ## - TITLE STATEMENT
Title Strategies and Policies for Air Pollution Abatement
Remainder of title 1994 major review prepared under the convention on long-range Trans boundary Air pollution
260 ## - PUBLICATION, DISTRIBUTION, ETC. (IMPRINT)
Place of publication, distribution, etc. New York and Geneva
Name of publisher, distributor, etc. United Nations
Date of publication, distribution, etc. 1995
300 ## - PHYSICAL DESCRIPTION
Extent 138,xvi
942 ## - ADDED ENTRY ELEMENTS (KOHA)
Source of classification or shelving scheme Dewey Decimal Classification
Koha item type Books
Holdings
Withdrawn status Lost status Source of classification or shelving scheme Damaged status Not for loan Home library Current library Date acquired Total Checkouts Full call number Barcode Date last seen Price effective from Koha item type
    Dewey Decimal Classification     County Hall Archives County Hall Archives 07/17/2023   363.7 ECE 10011110 07/17/2023 07/17/2023 Books
LIBRARY OPENING HOURS

When the Parliament is sitting: 8.00a.m - 7.00p.m or until the house adjourns
Mondays and Fridays and when the House is on Recess:  8.00a.m - 5.00p.m
Closed on Weekends and Public Holidays

Online Public Access Catalog (OPAC)
Website: http://www.parliament.go.ke
Bunge Library: https://libraryir.parliament.go.ke
Contact: library@parliament.go.ke | Tel no: (254-2)2221291 or 2848000 Ext 5043